| 000 | 01598nam a2200445 c 4500 | ||
|---|---|---|---|
| 999 |
_c50618 _d50618 |
||
| 001 | 50618 | ||
| 003 | ES-MaCES | ||
| 005 | 20250526142656.0 | ||
| 007 | cr ||||||||||| | ||
| 008 | 180326s2018 sp 010 | spa d | ||
| 017 |
_aNA 235-2018 _bDL |
||
| 020 | _a9788491359636 | ||
| 040 |
_aES-MaCES _bspa _cES-MaCES |
||
| 100 | 1 |
_aHierro Hierro, Francisco Javier _914820 |
|
| 245 | 1 | 3 |
_aLa actuación preventiva de las mutuas colaboradoras con la Seguridad Social _cFrancisco Javier Hierro Hierro |
| 250 | _a1ª ed | ||
| 260 |
_aCizur Menor (Navarra) _bAranzadi-Thomson Reuters _c2018 |
||
| 300 |
_a248 p. _c23 cm |
||
| 490 | 1 |
_aCuadernos de Aranzadi Social _v59 |
|
| 500 | _aDisponible en formato electrónico mediante la aplicación PROVIEW | ||
| 504 | _aBibliografía: p. 241-248 | ||
| 541 | _cSuscripción conjunta | ||
| 650 | 4 |
_amutualidad _930256 |
|
| 650 | 4 |
_aseguridad social _927034 |
|
| 650 | 4 |
_aseguridad en el trabajo _928348 |
|
| 650 | 4 |
_asalud en el trabajo _928347 |
|
| 650 | 4 |
_aprotección complementaria _930466 |
|
| 650 | 4 |
_alegislación de seguridad social _929855 |
|
| 650 | 4 |
_areforma de la seguridad social _930668 |
|
| 650 | 4 |
_acampo de aplicación _930263 |
|
| 650 | 4 |
_a1995-2017 _938991 |
|
| 650 | 4 |
_aEspaña _926964 |
|
| 650 | 4 |
_ahistoria _927251 |
|
| 650 | 4 |
_arégimen jurídico _929894 |
|
| 653 | 1 | 0 | _aDerecho del trabajo y Seguridad Social |
| 830 | 0 |
_aCuadernos de Aranzadi Social _v59 _933350 |
|
| 856 | 4 |
_uhttps://legalteca.aranzadilaley.es/my-library?sponsor=82111144-IP _yLegalteca |
|
| 902 | _aLIB Libro | ||
| 942 |
_2CES _cBK _h6.0.1. |
||